000 00316nam a2200145Ia 4500
100 _aMichael Day/ Kenneff
942 _cBK
654 _aTrouble
245 _aTrouble Shooting Netware : 386
260 _bB.P.B. Pub
_aNew Delhi
_c1993
082 _a4.68
_bPAN
300 _a401
546 _aENGLISH
999 _c35120
_d35120